00544cam a22001577a 4500008004000000082001400040245008900054260002500143300001200168500006100180650004800241650001800289650002500307650002900332700002500361180718b1978 xxu||||| |||| 00| 0 eng d aB31 Sh23d aDynamics of development: an international perspectivecedited by Sudesh Kumar Sharma aDelhibConceptc1978 a2 vols. aContents: v.1.; v.2. Essays in honour of Dr. J.N. Khosla aDeveloping countries --Economic conditions. aSocial policy aEconomic development aKhosla, Jagan Nath, 1906 aSharma, Sudesh Kumar